Mein roti hu / (Record no. 43238)

MARC details
000 -LEADER
fixed length control field 00719njm a22002177a 4500
005 - DATE AND TIME OF LATEST TRANSACTION
control field 20100831135629.0
006 - FIXED-LENGTH DATA ELEMENTS--ADDITIONAL MATERIAL CHARACTERISTICS--GENERAL INFORMATION
fixed length control field a|||||r|||||00| 0
007 - PHYSICAL DESCRIPTION FIXED FIELD--GENERAL INFORMATION
fixed length control field sd ammalaaahaa
008 - FIXED-LENGTH DATA ELEMENTS--GENERAL INFORMATION
fixed length control field 100831t xxu||||| |||| 00| 0 eng d
028 ## - PUBLISHER NUMBER
Publisher number P 10728
Source His Master's Voice
035 ## - SYSTEM CONTROL NUMBER
System control number GR 130
040 ## - CATALOGING SOURCE
Original cataloging agency SED
Transcribing agency SED
100 ## - MAIN ENTRY--PERSONAL NAME
Personal name Malliok,Pankaj
9 (RLIN) 17715
245 ## - TITLE STATEMENT
Title Mein roti hu /
Statement of responsibility, etc sung by Pankaj Malliok
Medium [sound recording] :
260 ## - PUBLICATION, DISTRIBUTION, ETC. (IMPRINT)
Place of publication, distribution, etc Dum Dum India
Name of publisher, distributor, etc His Master's Voice
300 ## - PHYSICAL DESCRIPTION
Extent 1 Sound disc [Gramophone Recording ] :
Other physical details analog,33 1/3 rpm
Dimensions 9.5
500 ## - GENERAL NOTE
General note Bried record
505 ## - FORMATTED CONTENTS NOTE
Formatted contents note Side- 2 Ho gaya dil aur aankh mein jhagdha ( Pankaj Mallok)
650 ## - SUBJECT ADDED ENTRY--TOPICAL TERM
Topical term or geographic name as entry element Classicla Music
General subdivision Excerpts
Geographic subdivision India
9 (RLIN) 17716
942 ## - ADDED ENTRY ELEMENTS (KOHA)
Source of classification or shelving scheme Dewey Decimal Classification
Item type Gramaphone Records

No items available.


© Delhi Public Library
Hit Counter
free hit counter